LIFE MATTER AND THEIR INTERACTIONS (Record no. 23398)

MARC details
000 -LEADER
fixed length control field 00328nam a22001457a 4500
003 - CONTROL NUMBER IDENTIFIER
control field SGT
020 ## - INTERNATIONAL STANDARD BOOK NUMBER
International Standard Book Number 8190136992
082 ## - DEWEY DECIMAL CLASSIFICATION NUMBER
Classification number 576.83,SIN
100 ## - MAIN ENTRY--PERSONAL NAME
Personal name SINGH,T.D.
245 ## - TITLE STATEMENT
Title LIFE MATTER AND THEIR INTERACTIONS
260 ## - PUBLICATION, DISTRIBUTION, ETC. (IMPRINT)
Place of publication, distribution, etc KOLKATA
Name of publisher, distributor, etc BHAKTIVEDANTA INSTITUTE
Year of Publication 2014
300 ## - PAGE DESCRIPTION
No. of Pages 122
650 ## - SUBJECT ADDED ENTRY--TOPICAL TERM
Topical term or geographic name as entry element Science
942 ## - ADDED ENTRY ELEMENTS (KOHA)
Source of classification or shelving scheme Dewey Decimal Classification
Koha item type Books
Holdings
Withdrawn status Lost status Source of classification or shelving scheme Damaged status Not for loan Collection code Home library Current library Shelving location Date acquired Vendor Name Cost, normal purchase price SGTU Bill Number Full call number Accession No. (Barcode) Date last seen Bill Date Koha item type Use restrictions
    Dewey Decimal Classification     ENGINEERING SGT Engineering Library SGT Engineering Library Text Book 06/10/2022 AHUJA BOOK COMPANY P. V T . L TD. 200.00 SGTU 15056 576.83,SIN FE8532 06/10/2022 14/09/2022 Books  
    Dewey Decimal Classification   Not For Loan ENGINEERING SGT Engineering Library SGT Engineering Library Reference Book 06/10/2022 AHUJA BOOK COMPANY P. V T . L TD. 200.00 SGTU 15056 576.83,SIN FE8533 06/10/2022 14/09/2022 Books Restricted Access